| 000 | 03155nam a2200325Ia 4500 | ||
|---|---|---|---|
| 008 | 130821s1642 sp a gr lat | ||
| 040 |
_aCo-BoUCM _bspa |
||
| 041 | 0 | _alat | |
| 092 | _aE19N041 | ||
| 100 | 1 | _aFreire, Juan | |
| 242 | 0 | 0 |
_aComentario a los siete primeros capítulos del Libro de Los Jueces _cpor Juan Freire _yspa |
| 245 | 1 | 0 |
_aIn VII priora capita libri Iudicum commentarii _cautore R. P.Ioann Freire ... |
| 246 | 1 | 3 | _a[Comentario a los siete primeros capítulos del Libro de Los Jueces] |
| 260 |
_aMadrid (España) _bex typographica officina Francisci Martinez [Imprenta de Francisco Martínez] expensis Emmanuelis Lopezij bibliopolae [A expensas de Manuel López, librero] _c1642 |
||
| 300 |
_a[15], 198 folios _bilustraciones |
||
| 500 | _aDetalles de la portada: En la parte superior, la representación de la justicia, enmarcada por una cinta en la que se lee, citando el Salmo 2: "Aprended, vosotros que juzgáis al mundo". Las columnas laterales están adornadas por dos personajes: uno de ellos, Barac, quinto Juez de Israel (que aquí llama "San") y Débora, profetiza y cuarto Juez de Israel. En la parte central, entre los anteriores, los datos de la obra (autor, título, dedicatoria). En la parte inferior, en las basas de las columnas, datos de la impresión. En la parte inferior, al centro, un escudo. En éste hay dos inscripciones. Alcanzo a leer una de ella, que dice: "No tenemos más rey que Felipe". | ||
| 500 | _aDetalles físicos: Encuadernación flexible en pergamino, piel manchada y con arrugas. Conserva guarda delantera rota. Ejemplar empieza a desencuadernarse. Portada impresa a una sola tinta con un grabado de página entera, con forma de portada clásica. Dedicatoria a Don Jerónimo Mascareñas. Censura. Privilegio del Rey (Madrid, 1642). Tasación. Erratas. Impresión de poca calidad, sobre papel ordinario. Texto impreso en dos columnas. Apostillas al margen con referencias bíblicas y resumen del contenido de los párrafos. Cenefas, mayúsculas y remates elementales. Reclamos. Signaturas. Papel muy manchado por la humedad. En la portada, diversas anotaciones de propiedad. Una, escrita a mano y ya muy borrosa, dice: "De la Compañía de Jesús de Santa Fe. Duplicado". Y dos sellos de tinta que dicen: Del Colegio de Ntra. Sra. del Rosario", "Colegio Mayor del Rosario". | ||
| 505 | 0 | _aGuía para utilización en sermones y pláticas. ; Introducción y palabras iniciales. ; Comentario al libro de Los Jueces (desde el capítulo 1, versículo 1 hasta el capítulo 20, versículo 20) | |
| 506 | _aConsulta en sala. | ||
| 546 | _aTexto en latín. | ||
| 630 | 7 |
_aBiblia _vComentarios _xObras anteriores a 1700 _94831 |
|
| 630 | 0 | 4 |
_aBiblia _pA.T. _xJueces _xObras anteriores a 1700 _94831 |
| 650 | 0 | 4 |
_aOratoria sagrada _xObras anteriores a 1700 _920808 |
| 650 | 0 | 4 |
_aTeología _925230 |
| 700 | 1 |
_aLópez, Manuel _eed. |
|
| 700 | 1 |
_aMartínez, Francisco _eimp |
|
| 856 | 4 | 1 |
_zDisponible en línea _uhttp://books.google.com.co/books/ucm?vid=UCM5319063164&printsec=frontcover&redir_esc=y#v=onepage&q&f=false |
| 942 |
_cLIBRO _a4 _e1 _2DEWEY _h222.3 |
||
| 999 |
_c36636 _d36636 |
||